MARC details
| 000 -CABECERA |
| campo de control de longitud fija |
02929nam a2200349 i 4500 |
| 001 - NÚMERO DE CONTROL |
| campo de control |
000045282 |
| 003 - IDENTIFICADOR DEL NÚMERO DE CONTROL |
| campo de control |
DO-SdBNP |
| 005 - FECHA Y HORA DE LA ÚLTIMA TRANSACCIÓN |
| campo de control |
20260416191046.0 |
| 007 - CAMPO FIJO DE DESCRIPCIÓN FÍSICA--INFORMACIÓN GENERAL |
| campo de control de longitud fija |
ta |
| 008 - DATOS DE LONGITUD FIJA--INFORMACIÓN GENERAL |
| campo de control de longitud fija |
150224s2008 dr c 001 0 spa d |
| 020 ## - NÚMERO INTERNACIONAL ESTÁNDAR DEL LIBRO |
| Número Internacional Estándar del Libro |
9789945861396 |
| 040 ## - FUENTE DE LA CATALOGACIÓN |
| Centro catalogador/agencia de origen |
DO-SdBNP |
| Lengua de catalogación |
spa |
| Centro/agencia transcriptor |
BNPHU |
| Normas de descripción |
rda |
| 082 #4 - NÚMERO DE LA CLASIFICACIÓN DECIMAL DEWEY |
| Número de edición |
22 |
| Número de documento/Ítem |
A473e |
| Número de clasificación |
RD 972.93053 |
| 100 1# - ENTRADA PRINCIPAL--NOMBRE DE PERSONA |
| Nombre de persona |
Álvarez Pina, Virgilio |
| 9 (RLIN) |
73307 |
| Término indicativo de función/relación |
autor |
| 245 13 - MENCIÓN DE TÍTULO |
| Título |
La Era de Trujillo : |
| Resto del título |
narraciones de Don Cucho / |
| Mención de responsabilidad, etc. |
Virgilio Álvarez Pina ; prólogo, Bernardo Vega ; Revisión de originales y cuidado de edición, Mario Álvarez Dugan y Ángela Peña |
| 250 ## - MENCIÓN DE EDICIÓN |
| Mención de edición |
2da. reimpresión |
| 264 ## - PRODUCCIÓN, PUBLICACIÓN, DISTRIBUCIÓN, FABRICACIÓN Y COPYRIGHT |
| Producción, publicación, distribución, fabricación y copyright |
Santo Domingo : |
| Nombre del de productor, editor, distribuidor, fabricante |
Corripio, |
| Fecha de producción, publicación, distribución, fabricación o copyright |
2008 |
| 300 ## - DESCRIPCIÓN FÍSICA |
| Extensión |
271 páginas : |
| Otras características físicas |
ilustraciones, retratos ; |
| Dimensiones |
27 cm. |
| 336 ## - TIPO DE CONTENIDO |
| Fuente |
rdacontent |
| Término de tipo de contenido |
texto |
| Código de tipo de contenido |
txt |
| 337 ## - TIPO DE MEDIO |
| Fuente |
rdamedia |
| Nombre/término del tipo de medio |
sin mediación |
| Código del tipo de medio |
n |
| 338 ## - TIPO DE SOPORTE |
| Fuente |
rdacarrier |
| Nombre/término del tipo de soporte |
volumen |
| Código del tipo de soporte |
nc |
| 500 ## - NOTA GENERAL |
| Nota general |
Incluye índice onomástico. / Ángela Peña. |
| 500 ## - NOTA GENERAL |
| Nota general |
Incluye datos biográficos del autor en las solapas de las cubiertas. |
| 505 ## - NOTA DE CONTENIDO CON FORMATO |
| Nota de contenido con formato |
Prólogo / |
| Mención de responsabilidad |
Bernardo Vega.-- |
| Título |
La noche del 30 de mayo / |
| Mención de responsabilidad |
Virgilio Álvarez Bonilla (Villi).-- |
| Título |
30 años después.-- ¿Perseverancia o suerte?.-- El golpe consumado.-- Ambicioso y peligroso.-- El pupilo de Horacio Vásquez.-- El pupilo de Horacio Vásquez.-- Conspiración manifiesta.-- Trujillo toma posesión.-- San Zenón.-- Consolidación del régimen.-- La muerte de Desiderio Arias.-- Mi entendimiento con Trujillo.-- Breve desgracia.-- Años de gloria y de comedia.-- La matanza de los haitianos.-- Un extranjero en Palacio.-- Última presidencia de Trujillo.-- |
| -- |
El ascenso de Anselmo Paulino.-- "El Castillo o la casa de Orate". Foro Público.-- El llamado "cuchipaineo".-- Reclusión en "El Algodonal".-- Trujillo en Europa y Descenso de Anselmo.-- La feria de la Paz.-- El caso Galíndez.-- La invasión del 14 de Junio.-- El movimiento clandestino.-- En la Secretaría de Cultos.-- La Carta Pastoral.-- Encuentro con los obispos.-- Entrevista secreta.-- El caso del Banco Central.-- Viaje a la frontera.-- |
| -- |
El incidente de Puerto Plata.-- Los últimos días de Trujillo.-- "Los dejo y pronto".-- Martes, 30 de Mayo.-- La tarde del 30 de mayo.-- Sucesos después de la muerte.-- Viva el Jefe.-- La persecución.-- Consecuencias posteriores.-- Después de Muerto Trujillo ¿qué?.-- Días difíciles.--- Mi entrevista con Ramfis.-- Tiempo de exilio. |
| -- |
Anexo I.-- Fotografías.-- Anexo II.-- |
| -- |
El espectro del Mogote / |
| Mención de responsabilidad |
Virgilio Álvarez Sánchez.-- |
| Título |
Relatos de "Cuchito" / |
| -- |
Índice onomástico / |
| Mención de responsabilidad |
Mario Álvarez Durán.-- |
| Título |
Ángela Peña. |
| 590 ## - NOTA LOCAL (RLIN) |
| Nota local |
Inventariado 2024 / MF |
| 600 10 - PUNTO DE ACCESO ADICIONAL DE MATERIA--NOMBRE DE PERSONA |
| Nombre de persona |
Trujillo Molina, Rafael Leónidas, |
| Fechas asociadas al nombre |
1891-1961 |
| 9 (RLIN) |
76764 |
| 651 #4 - PUNTO DE ACCESO ADICIONAL DE MATERIA--NOMBRE GEOGRÁFICO |
| 9 (RLIN) |
19019 |
| Nombre geográfico |
República Dominicana |
| Subdivisión general |
Historia |
| Subdivisión cronológica |
Era de Trujillo, 1930-1961 |
| 700 1# - PUNTO DE ACCESO ADICIONAL--NOMBRE DE PERSONA |
| Nombre de persona |
Vega, Bernardo, |
| Fechas asociadas al nombre |
1938 - |
| Término indicativo de función/relación |
prologo |
| 9 (RLIN) |
3222 |
| 700 ## - PUNTO DE ACCESO ADICIONAL--NOMBRE DE PERSONA |
| Nombre de persona |
Alvarez Dugan, Mario |
| Fechas asociadas al nombre |
1931-2008 |
| Término indicativo de función/relación |
editor |
| 9 (RLIN) |
23311 |
| 700 1# - PUNTO DE ACCESO ADICIONAL--NOMBRE DE PERSONA |
| Nombre de persona |
Peña, Angela, |
| Término indicativo de función/relación |
editor |
| 9 (RLIN) |
37722 |
| 942 ## - ELEMENTOS DE PUNTO DE ACCESO ADICIONAL (KOHA) |
| Fuente del sistema de clasificación o colocación |
Dewey Decimal Classification |
| Tipo de ítem Koha |
Libro |